000 00506nam a2200169Ia 4500
008 260520s2024 xx 000 0 und d
020 _a81-89724-59-2
041 _amar
082 _a338.6422/MUL
100 _aमुलाणी, एम यु
245 _aमहिला सहाय्यता बचत गट
250 _a2nd ed
260 _aपुणे
_bडायमंड पब्लिकेशन्स,
_c2024
300 _a126p.
500 _aCat No: 15039
650 _aECONOMICS
999 _c1221846
_d1221846